[Event "Charlotte CCCSA Spring IM-C"]
[Site "Charlotte"]
[Date "2022.05.08"]
[Round "8"]
[White "Andrews, Todd D"]
[Black "Fawole, John Oyeyemi"]
[Result "1-0"]
[WhiteElo "2209"]
[BlackElo "2118"]
[PlyCount "108"]
[EventDate "2022.05.04"]
[EventType "tourn"]
[EventRounds "9"]
[EventCountry "USA"]
[SourceTitle "CBM 208 Extra"]
[Source "ChessBase"]
[SourceDate "2022.07.31"]
[SourceVersion "1"]
[SourceVersionDate "2022.07.31"]
[SourceQuality "1"]

1. e4 c5 2. Nf3 d6 3. d4 cxd4 4. Nxd4 Nf6 5. Nc3 a6 6. Bc4 e6 7. Bb3 Be7 8. Qe2 0-0 9. g4 Nc6 10. Nxc6 bxc6 11. g5 Nd7 12. Be3 Bxg5 13. 0-0-0 d5 14. f4 Bh6 15. Rhg1 Kh8 16. Kb1 f5 17. e5 Qa5 18. Bd2 Qc7 19. Rg3 Bb7 20. Na4 c5 21. c4 d4 22. Rdg1 Bc6 23. Rh3 Rab8 24. Qh5 Be4+ 25. Ka1 Rg8 26. Qf7 Rgf8 27. Qh5 Rg8 28. Qf7 Rbf8 29. Qxe6 Nxe5 30. Ba5 Qxa5 31. Rxh6 Ng4 32. Rh4 Qd2 33. Rhxg4 fxg4 34. Qxe4 Re8 35. Qb1 Re2 36. a3 Rb8 37. Ka2 Re3 38. Nxc5 Qa5 39. Nd3 Qf5 40. Rd1 Re2 41. c5 Rxb3 42. Kxb3 Qf7+ 43. Kb4 a5+ 44. Kb5 Qb3+ 45. Nb4 Re8 46. Qd3 Rb8+ 47. Kxa5 Ra8+ 48. Na6 Qxb2 49. Rb1 Qa2 50. Qb3 Qd2+ 51. Qb4 Qxf4 52. Qb8+ Rxb8 53. Rxb8+ Qxb8 54. Nxb8 d3 1-0

[Event "Charlotte CCCSA Spring IM-C"]
[Site "Charlotte"]
[Date "2022.05.05"]
[Round "2"]
[White "Canty, James H"]
[Black "Fawole, John Oyeyemi"]
[Result "1-0"]
[WhiteElo "2225"]
[BlackElo "2118"]
[PlyCount "55"]
[EventDate "2022.05.04"]
[EventType "tourn"]
[EventRounds "9"]
[EventCountry "USA"]
[SourceTitle "CBM 208 Extra"]
[Source "ChessBase"]
[SourceDate "2022.07.31"]
[SourceVersion "1"]
[SourceVersionDate "2022.07.31"]
[SourceQuality "1"]

1. e4 c5 2. Nf3 d6 3. d4 cxd4 4. Nxd4 Nf6 5. Nc3 a6 6. Bg5 e6 7. f4 Be7 8. Qf3 Qc7 9. 0-0-0 Nbd7 10. g4 b5 11. Bxf6 Nxf6 12. g5 Nd7 13. Bh3 Nb6 14. Rhg1 b4 15. Nce2 d5 16. exd5 exd5 17. f5 g6 18. Nf4 0-0 19. Nh5 Bc5 20. Nf6+ Kg7 21. Qg4 Be7 22. Qh4 h5 23. Nxh5+ gxh5 24. f6+ Kg6 25. Bf1 Bf5 26. Nxf5 Kxf5 27. Qh3+ Ke4 28. Qd3+ 1-0

[Event "Titled Tuesday intern op 22 Mar Early"]
[Site "Chess.com INT"]
[Date "2022.03.22"]
[Round "3"]
[White "Krzywda, Andrzej"]
[Black "Fawole, John Oyeyemi"]
[Result "1-0"]
[WhiteElo "2152"]
[BlackElo "2126"]
[PlyCount "69"]
[EventDate "2022.03.22"]
[EventType "swiss (blitz)"]
[EventRounds "11"]
[EventCountry "USA"]
[SourceTitle "CBM 207 Extra"]
[Source "ChessBase"]
[SourceDate "2022.05.31"]
[SourceVersion "1"]
[SourceVersionDate "2022.05.31"]
[SourceQuality "1"]

1. Nf3 Nf6 2. c4 c5 3. g3 Nc6 4. Bg2 d5 5. cxd5 Nxd5 6. Nc3 Nc7 7. 0-0 e5 8. d3 Be7 9. Nd2 0-0 10. Bxc6 bxc6 11. Nc4 f6 12. b3 Bh3 13. Re1 Nd5 14. Bb2 a5 15. Na4 Qc7 16. Rc1 Rfb8 17. Ne3 Qa7 18. Nxd5 cxd5 19. Ba3 Rc8 20. e4 dxe4 21. dxe4 Be6 22. Qe2 Rab8 23. Nb2 Qb7 24. Nc4 Qa6 25. Ne3 Qa7 26. Red1 a4 27. Nd5 Bf8 28. bxa4 Qxa4 29. Qe3 Ra8 30. Rd3 Ra6 31. Rdc3 Rca8 32. Bxc5 Bxc5 33. Rxc5 Qxa2 34. Nc7 Ra3 35. R5c3 1-0

[Event "Titled Tuesday intern op 08th Feb Early"]
[Site "Chess.com INT"]
[Date "2022.02.08"]
[Round "9"]
[White "Fawole, John Oyeyemi"]
[Black "Sovetbekova, Nurai"]
[Result "1-0"]
[WhiteElo "2126"]
[BlackElo "1702"]
[PlyCount "55"]
[EventDate "2022.02.08"]
[EventType "swiss (blitz)"]
[EventRounds "11"]
[EventCountry "USA"]
[SourceTitle "CBM 206 Extra"]
[Source "ChessBase"]
[SourceDate "2022.03.31"]
[SourceVersion "1"]
[SourceVersionDate "2022.03.31"]
[SourceQuality "1"]

1. e4 c5 2. Nf3 d6 3. d4 cxd4 4. Nxd4 Nf6 5. Nc3 a6 6. Be2 e6 7. 0-0 Be7 8. Be3 b5 9. Bf3 Bb7 10. e5 Nd5 11. Nxd5 exd5 12. e6 0-0 13. exf7+ Rxf7 14. Bg4 Kh8 15. Be6 Rf6 16. f4 Nd7 17. f5 Nc5 18. Rf3 Qe8 19. Rh3 Nxe6 20. Nxe6 Rxf5 21. Nc7 Qc6 22. Nxa8 d4 23. Rg3 dxe3 24. Qd3 Rf2 25. Qxe3 Rxg2+ 26. Kf1 Qc4+ 27. Ke1 Rxg3 28. hxg3 1-0

[Event "Pretoria Capablanca IM"]
[Site "Pretoria"]
[Date "2018.04.30"]
[Round "7"]
[White "Bouah, Lyndon"]
[Black "Fawole, John Oyeyemi"]
[Result "1-0"]
[WhiteElo "2118"]
[BlackElo "2211"]
[PlyCount "94"]
[EventDate "2018.04.27"]
[EventType "tourn"]
[EventRounds "9"]
[EventCountry "RSA"]
[SourceTitle "CBM 184 Extra"]
[Source "ChessBase"]
[SourceDate "2018.06.28"]
[SourceVersion "1"]
[SourceVersionDate "2018.06.28"]
[SourceQuality "1"]

1. d4 Nf6 2. c4 e6 3. Nc3 Bb4 4. e3 0-0 5. Bd3 d5 6. Nge2 c6 7. a3 Bd6 8. c5 Bc7 9. f4 Ng4 10. h3 Nh6 11. 0-0 f5 12. Kh1 Nd7 13. Ng1 Nf6 14. Nf3 Nf7 15. Bd2 Ne4 16. Be1 Qe8 17. Rc1 Bd8 18. Rc2 g5 19. g4 Kh8 20. Rg2 Rg8 21. Rfg1 h6 22. Nh2 Bd7 23. Nf3 Bf6 24. Ne2 Qe7 25. b4 a6 26. Ne5 Rg7 27. Bxe4 fxe4 28. Ng3 Rgg8 29. Nh5 Nxe5 30. dxe5 Bg7 31. Ng3 Raf8 32. Ne2 Rf7 33. Bg3 a5 34. Nd4 axb4 35. axb4 Ra8 36. Qc1 Raf8 37. Ra2 Rb8 38. Ra7 Qe8 39. f5 Bf8 40. Rf1 Bg7 41. Qd1 Kg8 42. Qa1 Kh7 43. Qa5 Qc8 44. Kg2 Bf8 45. fxe6 Bxe6 46. Rxf7+ Bxf7 47. e6 Bg7 1-0

[Event "Pretoria Capablanca IM"]
[Site "Pretoria"]
[Date "2018.04.30"]
[Round "8"]
[White "Fawole, John Oyeyemi"]
[Black "February, Jesse Nikki"]
[Result "1/2-1/2"]
[WhiteElo "2211"]
[BlackElo "1899"]
[PlyCount "139"]
[EventDate "2018.04.27"]
[EventType "tourn"]
[EventRounds "9"]
[EventCountry "RSA"]
[SourceTitle "CBM 184 Extra"]
[Source "ChessBase"]
[SourceDate "2018.06.28"]
[SourceVersion "1"]
[SourceVersionDate "2018.06.28"]
[SourceQuality "1"]

1. d4 Nf6 2. c4 e6 3. Nf3 d5 4. g3 Be7 5. Bg2 0-0 6. Nbd2 c5 7. e3 Nc6 8. 0-0 Qc7 9. b3 b6 10. Bb2 Bb7 11. Qe2 Rac8 12. Rac1 Rfd8 13. Rfd1 Ba6 14. a3 dxc4 15. bxc4 cxd4 16. Nxd4 Nxd4 17. exd4 Bb7 18. d5 exd5 19. cxd5 Qd7 20. d6 Rxc1 21. Rxc1 Bxd6 22. Bxf6 gxf6 23. Bxb7 Qxb7 24. Ne4 Be5 25. Qg4+ Kh8 26. Qf5 Qd7 27. Qf3 Qe6 28. Rd1 Rxd1+ 29. Qxd1 Kg7 30. Qd3 Bb2 31. Nd6 Kg8 32. a4 Qd7 33. Qd5 Be5 34. Qa8+ Kg7 35. Nc8 Qxa4 36. Ne7 f5 37. Nxf5+ Kf6 38. Ne3 Qd7 39. Qh8+ Ke6 40. Qxh7 Ke7 41. Qe4 Qe6 42. Kg2 a5 43. h4 Kd7 44. Nd5 f5 45. Nxb6+ Kc7 46. Qe3 Qc6+ 47. Kg1 Bd6 48. Nc4 Qxc4 49. Qa7+ Kd8 50. Qxa5+ Ke7 51. Qxf5 Qe2 52. Kg2 Be5 53. g4 Bg7 54. h5 Qb2 55. g5 Qb7+ 56. Qf3 Qb5 57. Qe3+ Kf7 58. h6 Bd4 59. Qxd4 Qxg5+ 60. Kf3 Qh5+ 61. Qg4 Qh1+ 62. Ke3 Qc1+ 63. Ke4 Qe1+ 64. Kf3 Qh1+ 65. Ke3 Qc1+ 66. Ke4 Qc6+ 67. Ke5 Qf6+ 68. Kd5 Qxh6 69. Qd7+ Kf8 70. Qd6+ 1/2-1/2

[Event "Pretoria Capablanca IM"]
[Site "Pretoria"]
[Date "2018.04.27"]
[Round "2"]
[White "Pon, Matt"]
[Black "Fawole, John Oyeyemi"]
[Result "1-0"]
[WhiteElo "2177"]
[BlackElo "2211"]
[PlyCount "91"]
[EventDate "2018.04.27"]
[EventType "tourn"]
[EventRounds "9"]
[EventCountry "RSA"]
[SourceTitle "CBM 184 Extra"]
[Source "ChessBase"]
[SourceDate "2018.06.28"]
[SourceVersion "1"]
[SourceVersionDate "2018.06.28"]
[SourceQuality "1"]

1. e4 c5 2. Nf3 d6 3. g3 Nc6 4. Bg2 Nf6 5. d3 g6 6. 0-0 Bg7 7. Re1 0-0 8. c3 e5 9. a3 a5 10. a4 d5 11. Nbd2 d4 12. Nc4 Qc7 13. cxd4 cxd4 14. Bg5 Be6 15. Rc1 h6 16. Bd2 Nd7 17. Nh4 Rfc8 18. f4 Bxc4 19. Rxc4 exf4 20. gxf4 Qb6 21. Bh3 Rd8 22. Qc2 Bf8 23. e5 Nc5 24. e6 Be7 25. exf7+ Kxf7 26. Rxe7+ Nxe7 27. Rxc5 Kf6 28. Re5 Rd6 29. Be1 Nd5 30. Rxd5 Rxd5 31. Qg2 Qc6 32. Qxg6+ Ke7 33. Nf5+ Rxf5 34. Qg7+ Rf7 35. Qe5+ Kf8 36. Qh8+ Ke7 37. Bh4+ Rf6 38. Qg7+ Ke8 39. Bxf6 Qc1+ 40. Kg2 Qd2+ 41. Kg3 Qe1+ 42. Kg4 Qe2+ 43. Kh4 Qf2+ 44. Kh5 Qf3+ 45. Bg4 Qd5+ 46. Kxh6 1-0

[Event "BCF-chT3Sa 1617 (4NCL)"]
[Site "England"]
[Date "2017.02.11"]
[Round "5.22"]
[White "Fawole, John Oyeyemi"]
[Black "Heaven, Peter"]
[Result "1-0"]
[WhiteElo "2186"]
[BlackElo "2033"]
[PlyCount "98"]
[EventDate "2016.11.26"]
[EventType "team-tourn"]
[EventRounds "11"]
[EventCountry "ENG"]
[SourceTitle "EXT 2019"]
[Source "ChessBase"]
[SourceDate "2018.10.10"]
[SourceVersion "1"]
[SourceVersionDate "2018.10.10"]
[SourceQuality "1"]
[WhiteTeam "MK Phoenix"]
[BlackTeam "Rhyfelwyr Essyllwg"]
[WhiteTeamCountry "ENG"]
[BlackTeamCountry "WLS"]

1. d4 Nf6 2. Nf3 c5 3. c4 cxd4 4. Nxd4 e5 5. Nb5 d6 6. N1c3 a6 7. Na3 Be6 8. e4 Be7 9. Be2 0-0 10. 0-0 Nc6 11. Nc2 h6 12. Be3 Qc8 13. Rc1 Na5 14. Nb4 Qd7 15. b3 Rac8 16. f3 Nc6 17. Nbd5 Bxd5 18. Nxd5 Nxd5 19. cxd5 Nb8 20. Qd2 Rxc1 21. Rxc1 Rc8 22. Rc3 Qd8 23. Qc2 Rxc3 24. Qxc3 Nd7 25. a4 Qb8 26. b4 Bd8 27. a5 Qc7 28. Qb3 Kh7 29. g3 Bf6 30. Qd3 g6 31. Qd2 Bg7 32. Kg2 Qd8 33. Qc3 Bf8 34. Bd1 Be7 35. Ba4 Nf6 36. Qc1 Ng8 37. Bb6 Qb8 38. Bd7 Nf6 39. Bh3 Qe8 40. Qc7 Ng8 41. Bd7 Qf8 42. Qc8 Qg7 43. Qxb7 f5 44. exf5 e4 45. fxe4 Qe5 46. fxg6+ Kxg6 47. Bf5+ Kh5 48. Be3 Nf6 49. Kh3 Qa1 1-0

[Event "PRO League Central"]
[Site "Chess.com INT"]
[Date "2017.01.18"]
[Round "2"]
[White "Oragwu, Chukwunonso"]
[Black "Fawole, John Oyeyemi"]
[Result "0-1"]
[WhiteElo "2155"]
[BlackElo "2186"]
[PlyCount "75"]
[EventDate "2017.01.11"]
[EventType "team-swiss (rapid)"]
[EventRounds "7"]
[EventCountry "USA"]
[SourceTitle "CBM 176 Extra"]
[Source "ChessBase"]
[SourceDate "2017.03.02"]
[SourceVersion "1"]
[SourceVersionDate "2017.03.02"]
[SourceQuality "1"]
[WhiteTeam "Lagos Leatherbacks"]
[BlackTeam "Abuja Rockstars"]
[WhiteTeamCountry "NGR"]
[BlackTeamCountry "NGR"]

1. e4 c5 2. Nf3 d6 3. d4 cxd4 4. Nxd4 Nf6 5. Nc3 a6 6. Bg5 Nbd7 7. f4 Qb6 8. Qd2 e5 9. Nb3 h6 10. Bh4 Be7 11. 0-0-0 Qc7 12. Kb1 b5 13. Bxf6 Nxf6 14. fxe5 dxe5 15. Nd5 Nxd5 16. exd5 Bd6 17. Bd3 f5 18. g4 e4 19. Bf1 f4 20. Qe2 e3 21. Nd4 0-0 22. Ne6 Bxe6 23. dxe6 Rae8 24. Bg2 Kh8 25. Bd5 Qc5 26. Rhf1 Rd8 27. g5 Be7 28. gxh6 Rxd5 29. hxg7+ Kxg7 30. Rxd5 Qxd5 31. Rg1+ Kf6 32. Qg4 Qf5 33. Qg7+ Kxe6 34. Rg6+ Kd7 35. Rxa6 Qc5 36. Qg4+ Kc7 37. Qf3 e2 38. Qh1 0-1

[Event "Africa-ch U2300"]
[Site "Lome"]
[Date "2016.08.14"]
[Round "5.3"]
[White "Ouazri, Anass"]
[Black "Fawole, John Oyeyemi"]
[Result "1-0"]
[WhiteElo "2010"]
[BlackElo "2175"]
[PlyCount "65"]
[EventDate "2016.08.11"]
[EventType "tourn"]
[EventRounds "9"]
[EventCountry "TOG"]
[SourceTitle "EXT 2024"]
[Source "ChessBase"]
[SourceDate "2023.10.10"]
[SourceVersion "1"]
[SourceVersionDate "2023.10.10"]
[SourceQuality "1"]

1. e4 e5 2. Nf3 Nc6 3. Bb5 Nge7 4. 0-0 g6 5. Re1 Bg7 6. c3 a6 7. Ba4 0-0 8. d4 exd4 9. cxd4 d6 10. h3 b5 11. Bc2 Bd7 12. Bg5 h6 13. Be3 d5 14. e5 Nf5 15. Nbd2 Nxe3 16. Rxe3 Ne7 17. Nb3 Nf5 18. Re1 Re8 19. Nc5 Bf8 20. Nxd7 Qxd7 21. Bxf5 Qxf5 22. Rc1 Bb4 23. Re2 Ba5 24. Rc6 Qd7 25. Rec2 Re6 26. Qc1 Kg7 27. Rxe6 Qxe6 28. Rc6 Qe7 29. Rf6 Bb6 30. h4 Rg8 31. h5 g5 32. Nh4 Kf8 33. Ng6+ 1-0

[Event "Africa-ch U2300"]
[Site "Lome"]
[Date "2016.08.12"]
[Round "3.2"]
[White "Dieyi, Roland"]
[Black "Fawole, John Oyeyemi"]
[Result "1/2-1/2"]
[WhiteElo "2144"]
[BlackElo "2175"]
[PlyCount "42"]
[EventDate "2016.08.11"]
[EventType "tourn"]
[EventRounds "9"]
[EventCountry "TOG"]
[SourceTitle "EXT 2024"]
[Source "ChessBase"]
[SourceDate "2023.10.10"]
[SourceVersion "1"]
[SourceVersionDate "2023.10.10"]
[SourceQuality "1"]

1. d4 Nf6 2. Nf3 e6 3. e3 b6 4. Bd3 Bb7 5. Nbd2 d5 6. b3 Be7 7. Bb2 Nbd7 8. 0-0 0-0 9. Ne5 Nxe5 10. dxe5 Ne4 11. Bxe4 dxe4 12. Qe2 Qe8 13. Rfd1 Qc6 14. Nf1 Rfd8 15. Ng3 a5 16. Nh5 Bf8 17. a4 Rd5 18. Nf4 Rdd8 19. Nh5 Rd5 20. Nf4 Rdd8 21. Nh5 Rd5 1/2-1/2

[Event "Titled Tuesday intern op 7th June"]
[Site "Chess.com INT"]
[Date "2016.06.07"]
[Round "1"]
[White "Nguyen, Van Huy"]
[Black "Fawole, John Oyeyemi"]
[Result "1-0"]
[WhiteElo "2423"]
[BlackElo "2181"]
[PlyCount "107"]
[EventDate "2016.06.07"]
[EventType "swiss (blitz)"]
[EventRounds "9"]
[EventCountry "USA"]
[SourceTitle "EXT 2021"]
[Source "ChessBase"]
[SourceDate "2020.10.23"]
[SourceVersion "1"]
[SourceVersionDate "2020.10.23"]
[SourceQuality "1"]

1. d4 Nf6 2. c4 e6 3. Nf3 b6 4. g3 Bb7 5. Bg2 Be7 6. 0-0 0-0 7. Re1 d6 8. Nc3 Nbd7 9. e4 c5 10. d5 e5 11. a3 Re8 12. b4 cxb4 13. axb4 a5 14. Ba3 axb4 15. Bxb4 Nc5 16. Bxc5 bxc5 17. Qc2 Ba6 18. Nd2 Qd7 19. Ra5 Bb7 20. Rea1 Rxa5 21. Rxa5 Bd8 22. Ra7 Bb6 23. Ra1 Ra8 24. Rxa8+ Bxa8 25. Qa2 Bb7 26. h4 h5 27. f3 Bd8 28. Kh2 Be7 29. Bh3 Qc7 30. Nb5 Qb6 31. Nb3 Ba6 32. Qa5 Qxa5 33. Nxa5 g6 34. Kg2 Ne8 35. Bd7 Nf6 36. Bh3 Kf8 37. Kf1 Ne8 38. Ke2 g5 39. hxg5 Bxg5 40. Bd7 Nf6 41. Bf5 Ne8 42. Kd3 h4 43. gxh4 Bxh4 44. Nc6 Bf2 45. Bd7 Nf6 46. Bh3 Ne8 47. Kc2 Be1 48. Kb3 Bb7 49. Ka4 Ba6 50. Bd7 Nf6 51. Bf5 Ne8 52. Kb3 Bd2 53. Kc2 Kg7 54. Kxd2 1-0

[Event "Titled Tuesday intern op1 5th April"]
[Site "Chess.com INT"]
[Date "2016.04.05"]
[Round "1"]
[White "Manolache, Marius"]
[Black "Fawole, John Oyeyemi"]
[Result "1-0"]
[WhiteElo "2492"]
[BlackElo "2181"]
[PlyCount "69"]
[EventDate "2016.04.05"]
[EventType "swiss (blitz)"]
[EventRounds "9"]
[EventCountry "USA"]
[SourceTitle "EXT 2021"]
[Source "ChessBase"]
[SourceDate "2020.10.23"]
[SourceVersion "1"]
[SourceVersionDate "2020.10.23"]
[SourceQuality "1"]

1. d4 Nf6 2. c4 e6 3. Nc3 Bb4 4. e3 c5 5. Bd3 0-0 6. Nf3 b6 7. Bd2 Bb7 8. 0-0 d5 9. cxd5 exd5 10. dxc5 Bxc5 11. Rc1 Nbd7 12. Nb5 a6 13. Nbd4 Rc8 14. a4 Re8 15. Qe2 a5 16. Bb5 Re4 17. Bc3 Rg4 18. h3 Rg6 19. Bxd7 Nxd7 20. Rfd1 Qe7 21. Kh1 Qe4 22. Qf1 Re8 23. Rd2 Nb8 24. Qb5 Ba6 25. Qb3 Bc4 26. Qc2 Qxc2 27. Rcxc2 Ba6 28. b3 Bb7 29. Bb2 Na6 30. Rc1 Nb4 31. Nb5 h5 32. Bd4 Rc6 33. Bxc5 bxc5 34. Kg1 Rb8 35. Nc3 1-0

[Event "Titled Tuesday intern op 1st Sept"]
[Site "Chess.com INT"]
[Date "2015.09.01"]
[Round "1"]
[White "Fawole, John Oyeyemi"]
[Black "Matinian, Nikita"]
[Result "0-1"]
[WhiteElo "2126"]
[BlackElo "2473"]
[PlyCount "118"]
[EventDate "2015.09.01"]
[EventType "swiss (blitz)"]
[EventRounds "9"]
[EventCountry "USA"]
[SourceTitle "EXT 2021"]
[Source "ChessBase"]
[SourceDate "2020.10.23"]
[SourceVersion "1"]
[SourceVersionDate "2020.10.23"]
[SourceQuality "1"]

1. d4 Nf6 2. c4 g6 3. Nf3 Bg7 4. Nc3 0-0 5. e4 d6 6. Be2 e5 7. 0-0 Nc6 8. d5 Ne7 9. Ne1 Nd7 10. Be3 f5 11. f3 f4 12. Bf2 g5 13. b4 Ng6 14. Nd3 Nf6 15. c5 Rf7 16. Rc1 Bf8 17. Qb3 h5 18. a4 g4 19. b5 Rg7 20. Kh1 g3 21. hxg3 fxg3 22. Bxg3 h4 23. Bf2 Nh5 24. cxd6 cxd6 25. Rfe1 Ng3+ 26. Kg1 Qg5 27. f4 Nxf4 28. Nxf4 exf4 29. Bf3 h3 30. Bxg3 fxg3 31. gxh3 Qh4 32. Bg2 Bxh3 33. Qb2 Bxg2 34. Qxg2 Rc8 35. Ne2 Re8 36. Nd4 Rg4 37. Ne6 Bh6 38. Rc7 Bd2 39. Re2 Ba5 40. Rc4 Bb6+ 41. Kf1 Qf6+ 42. Ke1 Qa1+ 43. Kd2 Qa2+ 44. Kd3 Qb3+ 45. Rc3 Qd1+ 46. Rd2 Qxa4 47. Rc4 Qb3+ 48. Rc3 Qxb5+ 49. Kc2 Qa4+ 50. Kd3 Ba5 51. Qf3 Qxe4+ 52. Qxe4 Rxe4 53. Kxe4 Bxc3 54. Rd3 Be5 55. Kf5 g2 56. Rd1 Bh2 57. Kf6 g1Q 58. Rxg1+ Bxg1 59. Kf5 a5 0-1